[Event "Hradec Kralove Region-chT 2223"]
[Site "Czech Republic"]
[Date "2023.01.29"]
[Round "7.1"]
[White "Kohout, Martin"]
[Black "Horak, Jan"]
[Result "0-1"]
[WhiteElo "1955"]
[BlackElo "2158"]
[PlyCount "66"]
[EventDate "2022.10.09"]
[EventType "team-tourn"]
[EventRounds "11"]
[EventCountry "CZE"]
[SourceTitle "EXT 2024"]
[Source "ChessBase"]
[SourceDate "2023.10.10"]
[SourceVersion "1"]
[SourceVersionDate "2023.10.10"]
[SourceQuality "1"]

1. e4 e6 2. d4 d5 3. e5 c5 4. c3 Nc6 5. Nf3 Qb6 6. a3 Bd7 7. b4 cxb4 8. cxb4 Rc8 9. Be2 Nh6 10. Bxh6 gxh6 11. 0-0 Bg7 12. Qd2 0-0 13. Nc3 Nxd4 14. Nxd4 Bxe5 15. Nxd5 exd5 16. Rad1 Bg7 17. Bf3 Be6 18. Ne2 Rfd8 19. Nf4 d4 20. Nh5 Bf5 21. Qf4 Bg6 22. Nxg7 Kxg7 23. h4 h5 24. Rfe1 Rc3 25. Bxh5 Bxh5 26. Qe5+ Qf6 27. Qxh5 Rxa3 28. Re5 Kh8 29. Rde1 d3 30. Re8+ Rxe8 31. Rxe8+ Kg7 32. Qg4+ Kh6 33. Qd7 Ra1+ 0-1

[Event "Hradec Kralove Region-chT 2223"]
[Site "Czech Republic"]
[Date "2022.11.13"]
[Round "3.1"]
[White "Kohout, Martin"]
[Black "Cech, Pavel"]
[Result "0-1"]
[WhiteElo "1955"]
[BlackElo "2344"]
[PlyCount "70"]
[EventDate "2022.10.09"]
[EventType "team-tourn"]
[EventRounds "11"]
[EventCountry "CZE"]
[SourceTitle "EXT 2024"]
[Source "ChessBase"]
[SourceDate "2023.10.10"]
[SourceVersion "1"]
[SourceVersionDate "2023.10.10"]
[SourceQuality "1"]

1. e4 e6 2. d4 d5 3. e5 c5 4. c3 Nc6 5. Nf3 Bd7 6. Be2 Nge7 7. Na3 cxd4 8. cxd4 Ng6 9. 0-0 Be7 10. Be3 0-0 11. Nc2 f6 12. Bd3 Be8 13. exf6 Bxf6 14. Qd2 e5 15. dxe5 Ngxe5 16. Nxe5 Bxe5 17. f4 Bxb2 18. Rab1 Qf6 19. Nb4 Nxb4 20. Qxb4 Bc3 21. Qxb7 Bc6 22. Qb3 Kh8 23. Qc2 d4 24. Bc1 Qh4 25. Be4 Rac8 26. Bxc6 Rxc6 27. Ba3 Re8 28. Bb2 h6 29. Bxc3 dxc3 30. h3 Qg3 31. Rf3 Re1+ 32. Rxe1 Qxe1+ 33. Kh2 Qd2 34. Qe4 Rc8 35. Rd3 Qxd3 0-1